Odd One Out: World Capitals Quiz Stats

Quiz Updated May 2, 2016

Challenge
Share
Tweet
Embed
Score 0/18 Timer 08:00
2 Plays Today
Sets of Capitals Odd One Out (A, B, C or D) % Correct
Capital of an African island nation
A) Antananarivo B) Moroni C) Port Louis D) Port Moresby
???
72.5%
Population of urban agglomeration > 10 million
A) Baghdad B) Buenos Aires C) Dhaka D) Tokyo
???
63.1%
On one or more islands
A) Athens B) Copenhagen C) Malabo D) Malé
???
61.3%
Capital of a Pacific island nation
A) Castries B) Majuro C) Nuku'alofa D) Yaren
???
52.3%
Capital of a Caribbean island nation
A) Basseterre B) Kingstown C) Porto-Novo D) St. Johns
???
49.5%
Less than 4,100 km from North Pole
A) Dublin B) Riga C) Stockholm D) Ulaanbaatar
???
49%
Has the same first letter as its country
A) Belmopan B) Bridgetown C) Georgetown D) Palikir
???
44.3%
Metropolitan region contains > 25% of the country's population
A) Bangkok B) Montevideo C) Reykjavik D) Seoul
???
40.2%
Hosted the Summer Olympics
A) Amsterdam B) Brussels C) Helsinki D) Paris
???
34.9%
Sets of Capitals Odd One Out (A, B, C or D) % Correct
Became capital after 1970
A) Astana B) Belmopan C) Dodoma D) Yaoundé
???
34.9%
Elevation above 2,000 m
A) Addis Ababa B) La Paz C) Santiago D) Thimphu
???
34.6%
North of the Equator
A) Bogotá B) Kinshasa C) Mogadishu D) Singapore
???
33.9%
Not the largest city in its country
A) Beijing B) Quito C) Paramaribo D) San Marino
???
32.3%
East of the Prime Meridian
A) Algiers B) Lomé C) Ouagadougou D) Paris
???
27.3%
Within 10 km of an international border
A) Asunción B) Bamako C) Rome D) Tashkent
???
26.2%
Has a McDonald's restaurant
A) Baku B) Bandar Seri Begawan C) Harare D) Minsk
???
26%
Shortest straight-line distance to another country > 600 km
A) Canberra B) Mexico City C) Victoria D) Washington, DC
???
24.5%
Has > 40 skyscrapers (taller than 150 m)
A) Jakarta B) Kuwait City C) Panama City D) Singapore
???
17.5%

You're not logged in!

Compare scores with friends on all Sporcle quizzes.
Sign Up with Email
OR
Log In

You Might Also Like...

Show Comments

Extras

Top Quizzes Today


Score Distribution

Your Account Isn't Verified!

In order to create a playlist on Sporcle, you need to verify the email address you used during registration. Go to your Sporcle Settings to finish the process.